00339nam a2200133Ia 4500003000400000008004100004020002700045040000800072100002300080245004900103260003100152300001000183365001200193LDD181029s9999 xx 000 0 und d a9781905299027cP 27.50 cLDD aLebling, Robert W, 0aNatural remedies of ArabiacRobert W Lebling aLondonbStacey Intl.c2006 a223p. bP 27.50